<?xml version="1.0" encoding="UTF-8"?>
<record
    xmlns:xsi="http://www.w3.org/2001/XMLSchema-instance"
    xsi:schemaLocation="http://www.loc.gov/MARC21/slim http://www.loc.gov/standards/marcxml/schema/MARC21slim.xsd"
    xmlns="http://www.loc.gov/MARC21/slim">

  <leader>02545nam a2200397 a 4500</leader>
  <controlfield tag="001">00014089</controlfield>
  <controlfield tag="003">WSP</controlfield>
  <controlfield tag="005">20260416153418.0</controlfield>
  <controlfield tag="007">cr |nu|||unuuu</controlfield>
  <controlfield tag="008">250721s2025    si      ob    001 0 eng d</controlfield>
  <datafield tag="040" ind1=" " ind2=" ">
    <subfield code="a">WSPC</subfield>
    <subfield code="b">eng</subfield>
    <subfield code="c">WSPC</subfield>
  </datafield>
  <datafield tag="020" ind1=" " ind2=" ">
    <subfield code="a">9789819803132</subfield>
    <subfield code="q">(ebook)</subfield>
  </datafield>
  <datafield tag="020" ind1=" " ind2=" ">
    <subfield code="a">9819803136</subfield>
    <subfield code="q">(ebook)</subfield>
  </datafield>
  <datafield tag="020" ind1=" " ind2=" ">
    <subfield code="z">9789819803125</subfield>
    <subfield code="q">(hbk.)</subfield>
  </datafield>
  <datafield tag="050" ind1=" " ind2="4">
    <subfield code="a">QA76.9.D343</subfield>
    <subfield code="b">.V694</subfield>
  </datafield>
  <datafield tag="072" ind1=" " ind2="7">
    <subfield code="a">COM</subfield>
    <subfield code="x">094000</subfield>
    <subfield code="2">bisacsh</subfield>
  </datafield>
  <datafield tag="072" ind1=" " ind2="7">
    <subfield code="a">COM</subfield>
    <subfield code="x">021040</subfield>
    <subfield code="2">bisacsh</subfield>
  </datafield>
  <datafield tag="072" ind1=" " ind2="7">
    <subfield code="a">COM</subfield>
    <subfield code="x">021030</subfield>
    <subfield code="2">bisacsh</subfield>
  </datafield>
  <datafield tag="082" ind1="0" ind2="4">
    <subfield code="a">006.312</subfield>
    <subfield code="2">23</subfield>
  </datafield>
  <datafield tag="049" ind1=" " ind2=" ">
    <subfield code="a">MAIN</subfield>
  </datafield>
  <datafield tag="100" ind1="1" ind2=" ">
    <subfield code="a">Vijayakumar, P.</subfield>
  </datafield>
  <datafield tag="245" ind1="1" ind2="0">
    <subfield code="a">Data mining and warehousing techniques with machine learning concepts /</subfield>
    <subfield code="c">P Vijayakumar, L Jegatha Deborah.</subfield>
  </datafield>
  <datafield tag="260" ind1=" " ind2=" ">
    <subfield code="a">Singapore :</subfield>
    <subfield code="b">World Scientific,</subfield>
    <subfield code="c">2025.</subfield>
  </datafield>
  <datafield tag="300" ind1=" " ind2=" ">
    <subfield code="a">1 online resource (532 p.)</subfield>
  </datafield>
  <datafield tag="505" ind1="0" ind2=" ">
    <subfield code="a">Introduction -- Data warehousing basic concepts -- Designing data warehouses -- Partitioning and parallelism in data warehouses -- Overview of data mining -- Knowledge representation and knowledge discovery -- Data mining techniques -- Machine learning using classification -- Machine learning using clustering -- Association rules.</subfield>
  </datafield>
  <datafield tag="504" ind1=" " ind2=" ">
    <subfield code="a">Includes bibliographical references and index.</subfield>
  </datafield>
  <datafield tag="520" ind1=" " ind2=" ">
    <subfield code="a">"This unique compendium elaborates the basic perceptions of data warehouses and data mining. The former part of the book covers concepts like introduction to data warehouses, the need for using such data warehouses and key terminologies used in this framework. The latter part of the book covers the data mining concepts and the data mining techniques used in various applications and also explains the machine learning techniques in detail with suitable examples wherever essential. The book is written in simple English and is user-friendly. Each chapter is modeled with several sample scenarios and illustrations wherever necessary. The complete contents of each chapter include chapter technical content, summary, key points to remember, and few case studies for class group discussions and problem-solving. This volume clearly benefits professionals, academicians, data analysts, machine-learning community, undergraduate and postgraduate students"--</subfield>
    <subfield code="c">Publisher's website.</subfield>
  </datafield>
  <datafield tag="538" ind1=" " ind2=" ">
    <subfield code="a">System requirements: Adobe Acrobat reader.</subfield>
  </datafield>
  <datafield tag="538" ind1=" " ind2=" ">
    <subfield code="a">Mode of access: World Wide Web.</subfield>
  </datafield>
  <datafield tag="650" ind1=" " ind2="0">
    <subfield code="a">Data mining.</subfield>
  </datafield>
  <datafield tag="650" ind1=" " ind2="0">
    <subfield code="a">Data warehousing.</subfield>
  </datafield>
  <datafield tag="655" ind1=" " ind2="0">
    <subfield code="a">Electronic books.</subfield>
  </datafield>
  <datafield tag="700" ind1="1" ind2=" ">
    <subfield code="a">Deborah, L. Jegatha.</subfield>
  </datafield>
  <datafield tag="856" ind1="4" ind2="0">
    <subfield code="u">https://www.worldscientific.com/worldscibooks/10.1142/14089#t=toc</subfield>
  </datafield>
  <datafield tag="942" ind1=" " ind2=" ">
    <subfield code="c">E-BOOK</subfield>
  </datafield>
  <datafield tag="999" ind1=" " ind2=" ">
    <subfield code="c">49796</subfield>
    <subfield code="d">49796</subfield>
  </datafield>
  <datafield tag="952" ind1=" " ind2=" ">
    <subfield code="0">0</subfield>
    <subfield code="1">0</subfield>
    <subfield code="2">ddc</subfield>
    <subfield code="4">0</subfield>
    <subfield code="7">0</subfield>
    <subfield code="a">CUTN</subfield>
    <subfield code="b">CUTN</subfield>
    <subfield code="d">2026-04-16</subfield>
    <subfield code="l">0</subfield>
    <subfield code="o">006.312</subfield>
    <subfield code="p">EB04946</subfield>
    <subfield code="r">2026-04-16 15:42:00</subfield>
    <subfield code="u">https://doi.org/10.1142/14089</subfield>
    <subfield code="w">2026-04-16</subfield>
    <subfield code="y">E-BOOK</subfield>
  </datafield>
</record>
